[Event "RUS-chT Rapid (Women)"]
[Site "Sochi"]
[Date "2023.10.19"]
[Round "7.4"]
[White "Borisova, Ekaterina"]
[Black "Kamenskaya, Marina"]
[Result "1-0"]
[WhiteElo "2168"]
[BlackElo "1571"]
[PlyCount "113"]
[EventDate "2023.10.18"]
[EventType "team-swiss (rapid)"]
[EventRounds "9"]
[EventCountry "RUS"]
[SourceTitle "Mega2024 Update 01"]
[Source "Chessbase"]
[SourceDate "2023.11.12"]
[SourceVersion "1"]
[SourceVersionDate "2023.11.12"]
[SourceQuality "1"]
[WhiteTeam "Moscow ShSM (W)"]
[BlackTeam "Krym Kimmeriya (W)"]
[WhiteTeamCountry "RUS"]
[BlackTeamCountry "RUS"]

1. Nf3 Nf6 2. c4 g6 3. g3 Bg7 4. Bg2 0-0 5. 0-0 d6 6. d4 Nc6 7. Nc3 a6 8. b3 e5 9. d5 Ne7 10. e4 b5 11. Ne1 Rb8 12. Nd3 bxc4 13. bxc4 Nxe4 14. Nxe4 f5 15. Nd2 e4 16. Nb2 Rxb2 17. Bxb2 Bxb2 18. Rb1 Be5 19. Rb8 Qd7 20. Nb3 c6 21. dxc6 Nxc6 22. Qd5+ Kg7 23. Rb6 Nd8 24. Rd1 Qc7 25. c5 Be6 26. cxd6 Bxd5 27. dxc7 Bxc7 28. Rxa6 Bb7 29. Ra7 Rf7 30. Nc5 Bb6 31. Nxb7 Nxb7 32. Ra6 Bc5 33. Bf1 e3 34. fxe3 Bxe3+ 35. Kg2 Nc5 36. Ra8 Rb7 37. Bc4 Ne4 38. Kf3 Bc5 39. Bb3 Bb4 40. Rdd8 Nd2+ 41. Ke2 Re7+ 42. Kd3 Nf3 43. a4 Ne5+ 44. Kc2 Nc6 45. Rg8+ Kh6 46. Bd5 Na5 47. Rge8 Rc7+ 48. Kd1 Rc5 49. Red8 Rc3 50. Rd7 Ra3 51. Rh8 Rxa4 52. h4 g5 53. Rhxh7+ Kg6 54. h5+ Kf6 55. Rh6+ Ke5 56. Re6+ Kd4 57. Bb3+ 1-0

[Event "RUS-chT Blitz (Women)"]
[Site "Sochi"]
[Date "2023.10.17"]
[Round "9.4"]
[White "Borisova, Ekaterina"]
[Black "Kamenskaya, Marina"]
[Result "1-0"]
[WhiteElo "2168"]
[BlackElo "1571"]
[PlyCount "93"]
[EventDate "2023.10.17"]
[EventType "team-tourn (blitz)"]
[EventRounds "13"]
[EventCountry "RUS"]
[SourceTitle "Mega2024 Update 01"]
[Source "Chessbase"]
[SourceDate "2023.11.12"]
[SourceVersion "1"]
[SourceVersionDate "2023.11.12"]
[SourceQuality "1"]
[WhiteTeam "Moscow ShSM (W)"]
[BlackTeam "Krym Kimmeriya (W)"]
[WhiteTeamCountry "RUS"]
[BlackTeamCountry "RUS"]

1. d4 d5 2. c4 e6 3. Nf3 Nf6 4. g3 Be7 5. Bg2 0-0 6. 0-0 dxc4 7. Qa4 a6 8. Qxc4 b5 9. Qc2 Bb7 10. Bd2 Nbd7 11. Ba5 Bd6 12. Nbd2 Nd5 13. a3 N5b6 14. b4 Rc8 15. Rad1 Bd5 16. Rfe1 h6 17. e4 Bc4 18. h4 Qe8 19. d5 e5 20. Bh3 Qe7 21. Nh2 c6 22. Bxb6 Nxb6 23. Bxc8 Rxc8 24. dxc6 Rxc6 25. Nb3 Rc7 26. Na5 Be6 27. Qd3 Rd7 28. Qe3 Nc4 29. Nxc4 Bxc4 30. Nf3 Kh7 31. Nd2 Be6 32. Nb3 Qd8 33. Nc5 Bxc5 34. Rxd7 Qxd7 35. Qxc5 Qd3 36. Re3 Qd1+ 37. Kg2 h5 38. Qxe5 Bh3+ 39. Kh2 Qf1 40. Qxh5+ Kg8 41. Qf3 Be6 42. Qg2 Qc1 43. Rd3 Qc4 44. Rd8+ Kh7 45. Qf3 g6 46. Qf6 Qe2 47. Rh8# 1-0

[Event "RUS-chT Blitz (Women)"]
[Site "Sochi"]
[Date "2023.10.17"]
[Round "1.20"]
[White "Shafigullina, Zarina"]
[Black "Kamenskaya, Marina"]
[Result "0-1"]
[WhiteElo "2071"]
[BlackElo "1571"]
[PlyCount "120"]
[EventDate "2023.10.17"]
[EventType "team-tourn (blitz)"]
[EventRounds "13"]
[EventCountry "RUS"]
[SourceTitle "Mega2024 Update 01"]
[Source "Chessbase"]
[SourceDate "2023.11.12"]
[SourceVersion "1"]
[SourceVersionDate "2023.11.12"]
[SourceQuality "1"]
[WhiteTeam "Tatarstan Ladya (W)"]
[BlackTeam "Krym Kimmeriya (W)"]
[WhiteTeamCountry "RUS"]
[BlackTeamCountry "RUS"]

1. d4 Nf6 2. Nf3 g6 3. c4 Bg7 4. g3 0-0 5. Bg2 d6 6. Nc3 Nc6 7. 0-0 a6 8. Qd3 e5 9. d5 Ne7 10. e4 Bg4 11. Rb1 a5 12. Be3 Nd7 13. Nd2 Nc5 14. Bxc5 dxc5 15. h3 Bc8 16. Kh2 f5 17. f4 Kh8 18. fxe5 Bxe5 19. Nf3 Qd6 20. Nxe5 Qxe5 21. Ne2 Bd7 22. Qc3 Qxc3 23. bxc3 fxe4 24. Rxb7 Rxf1 25. Bxf1 Rc8 26. Bg2 e3 27. Ra7 Bf5 28. Rxa5 Bd3 29. Nf4 Bxc4 30. Rxc5 e2 31. Nxe2 Bxe2 32. a4 Kg7 33. a5 Kf6 34. h4 Ke5 35. Bh3 Kd6 36. Bxc8 Kxc5 37. Be6 Nxd5 38. Bg8 h6 39. Bf7 Bd3 40. c4 Nb4 41. Kg1 g5 42. hxg5 hxg5 43. Kf2 Bxc4 44. Bg6 Be6 45. Ke3 Nd5+ 46. Kd3 Kb5 47. Kd4 Kxa5 48. Ke5 Bg8 49. Be4 Nc3 50. Bd3 Nd1 51. Be2 Nf2 52. Kf5 g4 53. Bxg4 Nxg4 54. Kxg4 c5 55. Kf4 c4 56. Ke3 Kb4 57. Kd2 Kb3 58. Kc1 c3 59. g4 Bf7 60. g5 Bg6 0-1

[Event "Kerkinitida Cup Blitz"]
[Site "Evpatoria"]
[Date "2023.09.03"]
[Round "9"]
[White "Kamenskaya, Marina"]
[Black "Mashinskaya, Iulia"]
[Result "1/2-1/2"]
[WhiteElo "1571"]
[BlackElo "2215"]
[PlyCount "97"]
[EventDate "2023.09.03"]
[EventType "swiss (blitz)"]
[EventRounds "13"]
[EventCountry "UKR"]
[SourceTitle "EXT 2024"]
[Source "ChessBase"]
[SourceDate "2023.10.10"]
[SourceVersion "1"]
[SourceVersionDate "2023.10.10"]
[SourceQuality "1"]

1. d4 d5 2. Nf3 Nf6 3. e3 Bf5 4. c4 c6 5. Nc3 e6 6. Be2 h6 7. a3 a5 8. b3 Be7 9. Bb2 0-0 10. 0-0 Nbd7 11. Ne5 Nxe5 12. dxe5 Ne4 13. Nxe4 Bxe4 14. Bd3 Bxd3 15. Qxd3 dxc4 16. Qxc4 Qb6 17. Rfd1 Rfd8 18. Bd4 Qb5 19. Qc2 a4 20. b4 Rd5 21. Bb2 Rad8 22. Rxd5 Rxd5 23. Rd1 Rxd1+ 24. Qxd1 Qd5 25. Qxa4 Qd2 26. h3 Qxb2 27. Qa8+ Kh7 28. Qxb7 Bg5 29. Qxc6 Qa1+ 30. Kh2 Qxa3 31. b5 Qb2 32. f4 Bh4 33. b6 Qf2 34. Qf3 Qxf3 35. gxf3 Bd8 36. b7 Bc7 37. Kg3 Kg6 38. Kg4 f6 39. exf6 gxf6 40. e4 f5+ 41. Kg3 Kh5 42. e5 Bb8 43. Kg2 Kh4 44. Kh2 Bc7 45. Kg2 Kh5 46. Kg3 Kg6 47. Kh4 h5 48. Kg3 Bb8 49. Kh4 1/2-1/2

[Event "Kerkinitida Cup Blitz"]
[Site "Evpatoria"]
[Date "2023.09.03"]
[Round "2"]
[White "Smirnov, Pavel"]
[Black "Kamenskaya, Marina"]
[Result "1-0"]
[WhiteElo "2538"]
[BlackElo "1571"]
[PlyCount "77"]
[EventDate "2023.09.03"]
[EventType "swiss (blitz)"]
[EventRounds "13"]
[EventCountry "UKR"]
[SourceTitle "EXT 2024"]
[Source "ChessBase"]
[SourceDate "2023.10.10"]
[SourceVersion "1"]
[SourceVersionDate "2023.10.10"]
[SourceQuality "1"]

1. d4 Nf6 2. c4 e6 3. g3 d5 4. Nf3 Be7 5. Bg2 0-0 6. Nc3 c6 7. 0-0 Nbd7 8. b3 Qc7 9. Qc2 dxc4 10. bxc4 e5 11. e3 Rd8 12. a4 exd4 13. exd4 Nf8 14. Bf4 Bd6 15. Bg5 Be7 16. Rad1 h6 17. Be3 Be6 18. Ne5 Rac8 19. f4 g6 20. h3 Bf5 21. Qb2 h5 22. Kh2 N6d7 23. Bf3 f6 24. Nxd7 Qxd7 25. Bg2 Qe6 26. Qe2 Re8 27. d5 Qf7 28. Qb2 Bd8 29. Bxa7 c5 30. Nb5 Be7 31. d6 Bd8 32. Rfe1 Ba5 33. Rxe8 Rxe8 34. Bxc5 Qxc4 35. Bd5+ Qxd5 36. Rxd5 Re1 37. Bf2 Rb1 38. Qe2 Nd7 39. Rxf5 1-0

[Event "Kerkinitida Cup Rapid"]
[Site "Evpatoria"]
[Date "2023.08.31"]
[Round "3"]
[White "Kamenskaya, Marina"]
[Black "Kislyi, Daniil N"]
[Result "1-0"]
[WhiteElo "1571"]
[BlackElo "1121"]
[PlyCount "81"]
[EventDate "2023.08.31"]
[EventType "swiss (rapid)"]
[EventRounds "11"]
[EventCountry "UKR"]
[SourceTitle "EXT 2024"]
[Source "ChessBase"]
[SourceDate "2023.10.10"]
[SourceVersion "1"]
[SourceVersionDate "2023.10.10"]
[SourceQuality "1"]

1. d4 d5 2. c4 c6 3. Nc3 Nf6 4. Nf3 e6 5. cxd5 cxd5 6. Bg5 Nc6 7. a3 Be7 8. e3 h6 9. Bh4 0-0 10. Bd3 Qb6 11. Qe2 Re8 12. 0-0 Nd7 13. Bg3 Bf6 14. b4 a6 15. Rac1 Ne7 16. Na4 Qa7 17. Qc2 b5 18. Nc5 Nxc5 19. bxc5 Bb7 20. Be5 Bxe5 21. Nxe5 f5 22. h4 Nc6 23. f4 Nxe5 24. fxe5 Bc6 25. Rb1 Qe7 26. Qf2 Rab8 27. g3 g5 28. h5 Qf7 29. g4 Bd7 30. Qc2 Rf8 31. Rf2 f4 32. Rbf1 Qg7 33. exf4 gxf4 34. Rxf4 Qg5 35. Bh7+ Kg7 36. Qg6+ Qxg6 37. Bxg6 a5 38. Rf7+ Kg8 39. Bh7+ Kh8 40. Rxf8+ Kxh7 41. R1f7# 1-0

[Event "Yalta Yialos blitz op"]
[Site "Yalta"]
[Date "2023.08.28"]
[Round "5"]
[White "Brusilovskiy, Boris"]
[Black "Kamenskaya, Marina"]
[Result "1/2-1/2"]
[WhiteElo "2067"]
[BlackElo "1571"]
[PlyCount "79"]
[EventDate "2023.08.28"]
[EventType "swiss (blitz)"]
[EventRounds "13"]
[EventCountry "UKR"]
[SourceTitle "EXT 2024"]
[Source "ChessBase"]
[SourceDate "2023.10.10"]
[SourceVersion "1"]
[SourceVersionDate "2023.10.10"]
[SourceQuality "1"]

1. e4 e5 2. Nf3 Nc6 3. Nc3 Nf6 4. d4 exd4 5. Nxd4 Bb4 6. Nxc6 bxc6 7. Bd3 d5 8. exd5 cxd5 9. 0-0 0-0 10. Bg5 Be7 11. Re1 Be6 12. Qf3 Rb8 13. b3 h6 14. Bd2 c5 15. Rxe6 fxe6 16. Qh3 Qc8 17. Re1 e5 18. Bf5 Qd8 19. Bxh6 gxh6 20. Qxh6 d4 21. Be6+ Rf7 22. Qg6+ Kh8 23. Bxf7 Qf8 24. Ne4 Qg7 25. f4 Qxg6 26. Bxg6 Kg7 27. Bf5 exf4 28. Ng5 Bd6 29. Re6 Rd8 30. h4 a5 31. a4 Rd7 32. Kf2 Rd8 33. Kf3 Ne8 34. Re1 Nc7 35. Ne6+ Nxe6 36. Rxe6 Kf7 37. Rh6 Re8 38. Bg6+ Kg7 39. Bxe8 Kxh6 40. Bd7 1/2-1/2

[Event "Yalta Yialos Rapid op"]
[Site "Yalta"]
[Date "2023.08.25"]
[Round "4"]
[White "Khripachenko, Alexander"]
[Black "Kamenskaya, Marina"]
[Result "0-1"]
[WhiteElo "2158"]
[BlackElo "1571"]
[PlyCount "94"]
[EventDate "2023.08.25"]
[EventType "swiss (rapid)"]
[EventRounds "11"]
[EventCountry "UKR"]
[SourceTitle "EXT 2024"]
[Source "ChessBase"]
[SourceDate "2023.10.10"]
[SourceVersion "1"]
[SourceVersionDate "2023.10.10"]
[SourceQuality "1"]

1. e4 e5 2. Nf3 Nc6 3. Bb5 Nf6 4. d3 Bc5 5. c3 d6 6. 0-0 0-0 7. Re1 a6 8. Ba4 Ba7 9. h3 h6 10. Nbd2 Nh5 11. Nf1 Qf6 12. Be3 Nf4 13. Ng3 g6 14. d4 h5 15. Bxc6 bxc6 16. Bxf4 Qxf4 17. Qd3 Be6 18. Ne2 Qf6 19. b3 Bb6 20. Qe3 Qg7 21. Rad1 Rae8 22. Qd3 f5 23. exf5 gxf5 24. Nh2 h4 25. c4 Kh8 26. c5 Bd5 27. g3 dxc5 28. dxe5 Be4 29. Qe3 Re6 30. Nf4 Rh6 31. Nf1 c4 32. Rd4 Qxe5 33. Rxe4 fxe4 34. Qxe4 Qxe4 35. Rxe4 hxg3 36. Nxg3 c3 37. Rc4 c2 38. Nge2 Rhf6 39. Nd3 Bxf2+ 40. Kh2 Be3 41. Rxc2 Rd8 42. Ne5 Rf2+ 43. Kg3 Rg8+ 44. Kh4 Bg5+ 45. Kh5 Be3 46. Ng4 Rf3 47. Nxe3 Rxh3# 0-1

[Event "Alushta Blitz op"]
[Site "Alushta"]
[Date "2023.07.14"]
[Round "9"]
[White "Hasangatin, Ramil"]
[Black "Kamenskaya, Marina"]
[Result "1-0"]
[WhiteElo "2457"]
[BlackElo "1571"]
[PlyCount "59"]
[EventDate "2023.07.14"]
[EventType "swiss (blitz)"]
[EventRounds "13"]
[EventCountry "UKR"]
[SourceTitle "CBM 215 Extra"]
[Source "ChessBase"]
[SourceDate "2023.09.30"]
[SourceVersion "1"]
[SourceVersionDate "2023.09.30"]
[SourceQuality "1"]

1. e4 e5 2. Nf3 Nc6 3. Bb5 Nf6 4. Bxc6 dxc6 5. d3 Bc5 6. Bg5 Qe7 7. Nbd2 h6 8. Bh4 Bg4 9. h3 Bh5 10. g4 Bg6 11. Nc4 Bd6 12. Qe2 Bh7 13. 0-0-0 g5 14. Bg3 Nd7 15. Kb1 0-0-0 16. h4 f6 17. hxg5 hxg5 18. Rh6 Qg7 19. Rhh1 Bg6 20. Rxh8 Rxh8 21. d4 Bf7 22. dxe5 Bxe5 23. Ncxe5 Nxe5 24. Nxe5 fxe5 25. Qe3 b6 26. Qc3 Re8 27. Qxc6 Kb8 28. Rd7 Rc8 29. b3 Qg8 30. Bxe5 1-0

[Event "Alushta Blitz op"]
[Site "Alushta"]
[Date "2023.07.14"]
[Round "8"]
[White "Kamenskaya, Marina"]
[Black "Jary, Sergey"]
[Result "1-0"]
[WhiteElo "1571"]
[BlackElo "2233"]
[PlyCount "93"]
[EventDate "2023.07.14"]
[EventType "swiss (blitz)"]
[EventRounds "13"]
[EventCountry "UKR"]
[SourceTitle "CBM 215 Extra"]
[Source "ChessBase"]
[SourceDate "2023.09.30"]
[SourceVersion "1"]
[SourceVersionDate "2023.09.30"]
[SourceQuality "1"]

1. d4 Nf6 2. Nf3 g6 3. c4 Bg7 4. Nc3 d5 5. cxd5 Nxd5 6. Bd2 0-0 7. Rc1 Nb6 8. e3 Nc6 9. a3 e5 10. dxe5 Nxe5 11. Nxe5 Bxe5 12. Be2 Be6 13. Qc2 c5 14. Ne4 c4 15. Bc3 Qc7 16. f4 Bxc3+ 17. Qxc3 Nd5 18. Nf6+ Nxf6 19. Qxf6 Qb6 20. Qc3 Rac8 21. 0-0 Rfe8 22. Bf3 Bf5 23. Rfe1 Bd3 24. Kf2 Rc7 25. Qd4 Qb5 26. Be2 Rd7 27. Qc3 Qf5 28. Bxd3 cxd3 29. Qd2 g5 30. g3 Qe4 31. b3 g4 32. Kg1 h5 33. Rc4 Qf3 34. Rc3 h4 35. gxh4 Red8 36. Rf1 Qh3 37. e4 Qxh4 38. f5 Qf6 39. Rf2 Kh7 40. Rg2 Qh6 41. Qd1 Qe3+ 42. Kh1 Qxe4 43. Rc4 Rd4 44. Rc7 R8d7 45. Rxd7 Rxd7 46. Qd2 Re7 47. Qg5 1-0

[Event "Alushta Blitz op"]
[Site "Alushta"]
[Date "2023.07.14"]
[Round "11"]
[White "Onischenko, Andrey"]
[Black "Kamenskaya, Marina"]
[Result "1-0"]
[WhiteElo "1912"]
[BlackElo "1571"]
[PlyCount "61"]
[EventDate "2023.07.14"]
[EventType "swiss (blitz)"]
[EventRounds "13"]
[EventCountry "UKR"]
[SourceTitle "CBM 215 Extra"]
[Source "ChessBase"]
[SourceDate "2023.09.30"]
[SourceVersion "1"]
[SourceVersionDate "2023.09.30"]
[SourceQuality "1"]

1. e4 e5 2. Nf3 Nc6 3. Bb5 Nf6 4. 0-0 Nxe4 5. d4 Nd6 6. Bxc6 dxc6 7. dxe5 Nf5 8. Qxd8+ Kxd8 9. Nc3 Ke8 10. h3 Ne7 11. b3 Ng6 12. Bb2 h6 13. Ne4 Be7 14. Nfd2 Nf4 15. Rfe1 Bf5 16. Nd6+ cxd6 17. exd6 Ne6 18. dxe7 Kxe7 19. Bxg7 Rhg8 20. Be5 Bxh3 21. Bg3 Bf5 22. c3 Rg4 23. Nc4 Rd8 24. Ne3 Rg5 25. Bh4 Bg6 26. f4 Nxf4 27. Nd5+ Kd6 28. Nxf4 Rg4 29. Rad1+ Kc5 30. Bxd8 Rxf4 31. Re5# 1-0

[Event "Alushta Blitz op"]
[Site "Alushta"]
[Date "2023.07.14"]
[Round "13"]
[White "Prober, Egor"]
[Black "Kamenskaya, Marina"]
[Result "0-1"]
[WhiteElo "1064"]
[BlackElo "1571"]
[PlyCount "64"]
[EventDate "2023.07.14"]
[EventType "swiss (blitz)"]
[EventRounds "13"]
[EventCountry "UKR"]
[SourceTitle "CBM 215 Extra"]
[Source "ChessBase"]
[SourceDate "2023.09.30"]
[SourceVersion "1"]
[SourceVersionDate "2023.09.30"]
[SourceQuality "1"]

1. d4 d5 2. Nf3 Nf6 3. c4 e6 4. Bg5 Nbd7 5. Nc3 c6 6. e3 Qa5 7. Nd2 Bb4 8. Qc2 dxc4 9. Bxf6 Nxf6 10. Nxc4 Qc7 11. a3 Be7 12. Bd3 0-0 13. 0-0 a6 14. Ne4 h6 15. Ne5 Nd5 16. Nc3 Bd6 17. Nxd5 exd5 18. Nf3 Bg4 19. Ne5 Bxe5 20. dxe5 Qxe5 21. h3 Be6 22. Rae1 f5 23. f3 Qg3 24. Kh1 Rae8 25. e4 fxe4 26. fxe4 dxe4 27. Bxe4 Bf5 28. Qc4+ Kh8 29. Qe2 Qh4 30. Rxf5 Rxf5 31. Bxf5 Qxe1+ 32. Qxe1 Rxe1+ 0-1

[Event "Alushta Rapid op"]
[Site "Alushta"]
[Date "2023.07.12"]
[Round "5"]
[White "Kamenskaya, Marina"]
[Black "Zhurov, Sergey"]
[Result "0-1"]
[WhiteElo "1571"]
[BlackElo "2226"]
[PlyCount "116"]
[EventDate "2023.07.11"]
[EventType "swiss (rapid)"]
[EventRounds "11"]
[EventCountry "UKR"]
[SourceTitle "CBM 215 Extra"]
[Source "ChessBase"]
[SourceDate "2023.09.30"]
[SourceVersion "1"]
[SourceVersionDate "2023.09.30"]
[SourceQuality "1"]

1. d4 d5 2. c4 c6 3. Nc3 Nf6 4. Nf3 dxc4 5. a4 Bf5 6. e3 e6 7. Bxc4 Bb4 8. 0-0 Nbd7 9. Qe2 Bg6 10. Rd1 0-0 11. h3 h6 12. Ne5 Nxe5 13. dxe5 Nd7 14. f4 Qe7 15. Na2 Nb6 16. Nxb4 Qxb4 17. b3 Nxc4 18. Qxc4 Qxc4 19. bxc4 Rfd8 20. Rd6 Rxd6 21. exd6 c5 22. Ba3 b6 23. a5 Rd8 24. axb6 axb6 25. Rd1 Kf8 26. Kf2 Be4 27. g4 f6 28. h4 Ke8 29. Bb2 Kd7 30. g5 hxg5 31. hxg5 Rf8 32. Kg3 fxg5 33. Be5 gxf4+ 34. exf4 Rf7 35. Ra1 Kc6 36. Ra8 Bd3 37. Rc8+ Kb7 38. Rb8+ Ka7 39. Rg8 Bxc4 40. Rxg7 Rxg7+ 41. Bxg7 Kb7 42. Kf3 Kc6 43. Be5 b5 44. Ke3 b4 45. Kd2 Bb5 46. Kc2 Ba4+ 47. Kd3 Kd5 48. Kd2 c4 49. Ke3 c3 50. Kd3 Bb5+ 51. Kc2 Kc4 52. Bf6 b3+ 53. Kb1 Kd3 54. Bg7 Kd2 55. Ka1 c2 56. Bb2 c1Q+ 57. Bxc1+ Kxc1 58. d7 b2+ 0-1

[Event "Alushta op"]
[Site "Alushta"]
[Date "2023.07.08"]
[Round "7"]
[White "Kalinin, Sergey"]
[Black "Kamenskaya, Marina"]
[Result "1-0"]
[WhiteElo "2197"]
[BlackElo "1571"]
[PlyCount "69"]
[EventDate "2023.07.02"]
[EventType "swiss"]
[EventRounds "9"]
[EventCountry "UKR"]
[SourceTitle "CBM 215 Extra"]
[Source "ChessBase"]
[SourceDate "2023.09.30"]
[SourceVersion "1"]
[SourceVersionDate "2023.09.30"]
[SourceQuality "1"]

1. e4 e5 2. Nf3 Nc6 3. Bc4 Bc5 4. c3 Nf6 5. d4 exd4 6. e5 d5 7. Bb5 Ne4 8. cxd4 Bb6 9. Nbd2 0-0 10. Bxc6 bxc6 11. Qc2 Nxd2 12. Bxd2 Bg4 13. Bb4 Re8 14. 0-0-0 Qd7 15. h3 Bf5 16. Qc3 a5 17. Ba3 Be4 18. Ng5 Bg6 19. g4 h6 20. Nf3 a4 21. Nh4 Bh7 22. Rhg1 Ba5 23. Qe3 f6 24. f4 c5 25. Nf5 cxd4 26. Qxd4 Rad8 27. exf6 Bb6 28. Bc5 Kf7 29. Bxb6 cxb6 30. fxg7 Bxf5 31. gxf5 Rc8+ 32. Kb1 Qxf5+ 33. Ka1 Rc5 34. Qxa4 Rc4 35. Qxe8+ 1-0

[Event "Sevastopol Waltz Blitz"]
[Site "Sevastopol"]
[Date "2023.06.29"]
[Round "1"]
[White "Kamenskaya, Marina"]
[Black "Shulgin, Viktor"]
[Result "1-0"]
[WhiteElo "1571"]
[BlackElo "1810"]
[PlyCount "76"]
[EventDate "2023.06.29"]
[EventType "swiss (blitz)"]
[EventRounds "13"]
[EventCountry "UKR"]
[SourceTitle "CBM 215 Extra"]
[Source "ChessBase"]
[SourceDate "2023.09.30"]
[SourceVersion "1"]
[SourceVersionDate "2023.09.30"]
[SourceQuality "1"]

1. d4 d5 2. c4 c6 3. Nc3 Nf6 4. Nf3 dxc4 5. a4 Nd5 6. e4 Nxc3 7. bxc3 b5 8. axb5 cxb5 9. Ba3 Nd7 10. Ng5 e6 11. f4 Bxa3 12. Rxa3 h6 13. Nf3 Bb7 14. Qb1 Bc6 15. Nd2 0-0 16. Be2 Qh4+ 17. g3 Qe7 18. Ra6 Nb6 19. 0-0 Qb7 20. Ra1 f5 21. Bf3 Na4 22. exf5 Nxc3 23. Qb2 Bxf3 24. Qxc3 Bg2 25. Rf2 Bd5 26. fxe6 Bxe6 27. Re1 Bf5 28. Re5 Bd3 29. Qb4 a6 30. Qd6 Rfe8 31. Nf3 Rxe5 32. Nxe5 Bf5 33. g4 Bd3 34. f5 Rf8 35. Qe6+ Kh8 36. Ng6+ Kh7 37. Nxf8+ Kh8 38. f6 c3 1-0